Chelsea FC Squad 2018-2019 - Statistics

General Stats
  • This quiz has been taken 55 times
  • The average score is 22 of 31
Answer Stats
# Position Nation Player % Correct
2 DF Germany Antonio Rüdiger
100%
5 MF Italy Jorginho
100%
1 GK Spain Kepa Arrizabalaga
100%
7 MF France N'Golo Kanté
98%
17 MF Croatia Mateo Kovačić
93%
10 FW Belgium Eden Hazard
88%
3 DF Spain Marcos Alonso
88%
27 DF Denmark Andreas Christensen
85%
28 DF Spain César Azpilicueta
85%
9 FW Argentina Gonzalo Higuaín
85%
22 FW Brazil Willian
85%
13 GK Argentina Willy Caballero
83%
18 FW France Olivier Giroud
80%
11 FW Spain Pedro
80%
29 FW Spain Álvaro Morata
78%
4 MF Spain Cesc Fàbregas
78%
33 DF Italy Emerson
76%
- Coach Italy Maurizio Sarri
73%
30 DF Brazil David Luiz
71%
12 MF England Ruben Loftus-Cheek
71%
24 DF England Gary Cahill
68%
8 MF England Ross Barkley
68%
15 MF Nigeria Victor Moses
68%
6 MF England Danny Drinkwater
66%
21 DF Italy Davide Zappacosta
63%
20 FW England Callum Hudson-Odoi
49%
42 MF Netherlands Marco van Ginkel
39%
44 DF Wales Ethan Ampadu
34%
31 GK England Robert Green
20%
40 GK England Jamal Blackman
5%
34 FW Brazil Lucas Piazón
5%
No matching quizzes found
Score Distribution
Percent of People with Each Score
Percentile by Number Answered
Your Score History
You have not taken this quiz